| 000 | 00485nam a2200181Ia 4500 | ||
|---|---|---|---|
| 008 | 090122s9999 xx 000 0 und d | ||
| 082 |
_b13394 _a891.4683 |
||
| 100 |
_aबनहट्टी _bराजेंद्र |
||
| 245 | _aतिघी | ||
| 260 |
_bसन् _c2008 |
||
| 300 | _a144 | ||
| 501 | _aललित वितरण | ||
| 600 | _aबनहट्टी | ||
| 630 | _aतिघी | ||
| 700 | _aबनहट्टी | ||
| 730 | _aतिघी | ||
| 942 | _cBOOK | ||
| 999 |
_c37471 _d37471 |
||